Word Chain - Know Your ABCs - Statistics

General Stats
  • This quiz has been taken 126 times
  • The average score is 9 of 24
Answer Stats
Hint Answer % Correct
Sponges do this well absorb
89%
Biggest country in North America Canada
88%
Describes a verb adverb
69%
Comforting chocolate drink cocoa
67%
Fear of being enclosed in a small space claustrophobia
57%
Sea that includes the Gulf of Finland and the Gulf of Riga Baltic
52%
Regional organisation of countries in and around North Africa, Horn of Africa and Arabia. "The _____ League" Arab
46%
Programming language that celebrated its 50th anniversary in 2014; this word also means 'not fancy,' or 'pH less than 7' BASIC
43%
Hebrew name. One of these folks married Jezebel, and one chased a whale. Ahab
42%
Slang for getting really angry; "go _______" ballistic
41%
Penultimate pharoah of Egypt who tried to maintain Egypt's independence from Rome; celebrated in film and theatre from Shakespeare to the Academy Awards. Cleopatra
35%
Stout bodied-insect, known for loud droney singing. Adults of some species only emerge every 13 or 17 years. cicada
34%
Speak or perform without previous preparation; improvise verbally ad-lib
30%
Economic grouping of Brazil, Russia, India and China BRIC
27%
A cuter name for garbanzo beans chickpea
23%
If you've seen a total solar eclipse you've seen one of these! corona
23%
A kind of acid butyric or boric
19%
Relating to bibliography, e.g. __________ records bibliographic
18%
Improvised shelter bivouac
18%
First reported sighting of this cryptid was in Puerto Rico in 1995; translates to "goat-sucker". chupacabra
16%
Keep your cool; "to have great ______" aplomb
10%
Jihadist fundamentalist group operating in Somalia/Yemen; claimed responsibility for the Westgate mall attack in Nairobi Al-Shabaab
6%
Lowest ecological region of a body of water; i.e. the _______ zone benthic
5%
The exact opposite of a snob anti-snob
1%
No matching quizzes found
Score Distribution
Percent of People with Each Score
Percentile by Number Answered
Your Score History
You have not taken this quiz